000 00699nam a2200229Ia 4500
003 OSt
005 20220927105220.0
006 a|||||r|||| 00| 0
007 ta
008 220926b |||||||| |||| 00| 0 eng d
024 _a188144
037 _cReference Collections
040 _aRTL
_cRTL
_beng
041 _2eng
_aeng
082 _a"X9(J):89k.2.N7, L3/SC"
100 _aSharma Prem S.
_9371062
245 0 _aAgricultural regionalisation of india.
260 _aDelhi
_bNew Heights Publishers & Distributors
_c1973
300 _a"xxiii,190p."
_ccm.
942 _h"X9(J):89k.2.N7, L3/SC"
_cCC
999 _c691305
_d691305